| 000 | 00647nas a2200229 4500 | ||
|---|---|---|---|
| 001 | BR9501278 | ||
| 003 | BR-BrBNA | ||
| 005 | 20231205094253.0 | ||
| 007 | ta | ||
| 008 | 230509b bl.|||p| |||| 00| 00por d | ||
| 040 |
_aBR-BrBNA _bpor _cBiblioteca Nacional de Agricultura |
||
| 041 | _a(Pt) | ||
| 072 | _aF40 | ||
| 100 | 1 | _aMelo, P.C.T. de | |
| 245 | 1 | _aTomate: efeitos adversos do ambiente na producao | |
| 650 | _aTomate | ||
| 650 | _aStress | ||
| 650 | _aMeio Ambiente | ||
| 773 | 0 |
_tLavoura (Brazil) _xISSN 0023-9135 _g(May-Jun 1993), v. 96(601) p. 27-29 _wBR9501278 |
|
| 909 |
_a202311 _bLúcia _c55 _dLúcia Elande |
||
| 942 |
_2AGRIS _n0 _cANA |
||
| 999 |
_c143237 _d143237 |
||